El otro Tamayo : (Registro nro. 6748)
[ vista simple ]
| 000 -LEADER | |
|---|---|
| fixed length control field | 01534cam a22002894a 4500 |
| 001 - CONTROL NUMBER | |
| control field | 12214318 |
| 003 - CONTROL NUMBER IDENTIFIER | |
| control field | OSt |
| 005 - DATE AND TIME OF LATEST TRANSACTION | |
| control field | 20200708095035.0 |
| 008 - FIXED-LENGTH DATA ELEMENTS--GENERAL INFORMATION | |
| fixed length control field | 991026s2000 mx c gr 000 0bspa |
| 010 ## - LIBRARY OF CONGRESS CONTROL NUMBER | |
| LC control number | 00459331 |
| 020 ## - INTERNATIONAL STANDARD BOOK NUMBER | |
| International Standard Book Number | 9681332814 |
| 040 ## - CATALOGING SOURCE | |
| Original cataloging agency | DLC |
| Transcribing agency | CO-JMCR |
| 041 0# - LANGUAGE CODE | |
| Language code of text/sound track or separate title | spa |
| 082 04 - DEWEY DECIMAL CLASSIFICATION NUMBER | |
| Classification number | 759.972 / |
| Item number | M636o |
| Edition number | 23 |
| 100 1# - MAIN ENTRY--PERSONAL NAME | |
| Personal name | Mijangos, Mario, |
| Relator term | autor |
| 9 (RLIN) | 6848 |
| 245 13 - TITLE STATEMENT | |
| Title | El otro Tamayo : |
| Remainder of title | su intimidad, sus juicios y debilidades / |
| Statement of responsibility, etc. | Mario Mijangos. |
| 246 3# - VARYING FORM OF TITLE | |
| Title proper/short title | Tamayo |
| 250 ## - EDITION STATEMENT | |
| Edition statement | Primera edición |
| 260 ## - PUBLICATION, DISTRIBUTION, ETC. | |
| Place of publication, distribution, etc. | México : |
| Name of publisher, distributor, etc. | Editorial Diana, |
| Date of publication, distribution, etc. | c2000. |
| 300 ## - PHYSICAL DESCRIPTION | |
| Extent | 237 páginas : |
| Other physical details | ilustraciones, retratos, fotografías a color y blanco y negro ; |
| Dimensions | 23 cm. |
| 505 0# - FORMATTED CONTENTS NOTE | |
| Formatted contents note | Tamayo y su origen aoxaqueño -- Tamayo y los desgobernadores -- Un museo inconcluso -- El carácter de Olga -- Su amor por los perros -- El altruismo de Tamayo -- La odisea por el museo en Chapultepec -- "La Rifa del Tigre" -- Tamayo y algunas de sus musas -- Un aniversario inolvidable -- Algunas falsificaciones de obras de Tamayo -- La salud de Tamayo -- Dialogos de Tamayo -- Tamayo poeta -- Carta al director del periódico -- Carteles del sur -- Carta del director de Uno más uno -- Rufino Tamayo: Cronología |
| 520 0# - SUMMARY, ETC. | |
| Summary, etc. | Mucho se ha escrito sobre la vida artística, honores y técnicas pictóricas de Rufino Tamayo, pero ¿Cómo era Rufino Tamayo cómo persona? |
| 600 10 - SUBJECT ADDED ENTRY--PERSONAL NAME | |
| Personal name | Tamayo, Rufino, |
| Dates associated with a name | 1899-1991. |
| 9 (RLIN) | 6849 |
| 650 14 - SUBJECT ADDED ENTRY--TOPICAL TERM | |
| Topical term or geographic name entry element | Tamayo, Rufino, |
| Chronological subdivision | 1899-1991 |
| 9 (RLIN) | 6850 |
| 650 24 - SUBJECT ADDED ENTRY--TOPICAL TERM | |
| Topical term or geographic name entry element | Painters |
| Geographic subdivision | Mexico |
| Form subdivision | Biography. |
| 9 (RLIN) | 6851 |
| 942 ## - ADDED ENTRY ELEMENTS (KOHA) | |
| Source of classification or shelving scheme | Dewey Decimal Classification |
| Koha item type | Books |
| Withdrawn status | Lost status | Source of classification or shelving scheme | Damaged status | Not for loan | Home library | Current library | Shelving location | Date acquired | Source of acquisition | Full call number | Barcode | Date last seen | Copy number | Price effective from | Koha item type |
|---|---|---|---|---|---|---|---|---|---|---|---|---|---|---|---|
| Dewey Decimal Classification | Biblioteca Pública José María del Castillo y Rada | Biblioteca Pública José María del Castillo y Rada | General Stacks | 04/15/2018 | Donación | 759.972 / M636o | 201809930 | 05/16/2024 | Ej.1 | 04/15/2018 | Books |